000 00841nam a22002177a 4500
999 _c18819
_d18819
003 AR-CdUCM
008 190403b ||||| |||| 00| 0 spa d
040 _aMUNICIPALIDAD PROVINCIAL DEL CUSCO
_cBIBLIOTECA MUNICIPAL DEL CUSCO
082 _a335.8 /
_bL91
100 _aLosovski, A
_928759
245 _aMarx y los sindicatos /
260 _aMexico :
_bGrijalbo,
_c1969.
300 _a157 paginas ;
_c18 cm.
440 _acolección
_n70
_92202
505 _aContenido : El lugar de los sindicatos en la lucha general de clases del proletariado -- Marx contra el proudhonismo y el bakuninismo -- La lucha contra el lassallismo y todas las variedades del oportunismo alemán ...
650 _aMarx
_94291
650 _aLos sindicatos
_928760
650 _aEstructura de luchas
_928761
942 _2ddc
_cLIBROS
945 _apjha
_d2019-05-15